00691nam a2200229 a 4500001001300000003000900013005001700022008004100039020002400080082001300104100002100117245006900138260002500207300000900232500003500241505001000276650001300286902000800299942000700307952013000314999001700444nice12345678IN_TiNIC20260116014928.0100923s1982 lona grp 000 0 eng  a9780281040728c140000a230bHOD aHodgson, C Peter aChristian Theologyb An Introduction to Its Traditions and Tasks aLondon bSPCK c1982 a353p aincludes index and biblioraphy2 aIndex aTheology bSRS cBK 001040708StackRoom-aHMIbHMId2010-09-23g1400.00l2o230 HODp11002242r2023-09-06s2023-08-31v1400.00w2010-09-23yBK c17586d17586